000 00406cam a2200145 4500
001 J103235
008 000000n1956 000 0 eng u
035 _a(Sirsi) u103235
041 _aeng
110 _aBuilding Research Station
_9203
245 4 _aThe durability of reinforced concrete in buildings.
260 _c1956
490 0 _aNational Building Studies special report no.25, 1956.
942 _n0
999 _c100101
_d100101